[Event "GRE-ch U16"]
[Site "Greece"]
[Date "2014.07.07"]
[Round "5"]
[White "Loukas, Dimitrios"]
[Black "Dalianis, Georgios"]
[Result "0-1"]
[WhiteElo "1243"]
[BlackElo "1584"]
[PlyCount "82"]
[EventDate "2014.07.04"]
[EventType "swiss"]
[EventRounds "9"]
[EventCountry "GRE"]
[SourceTitle "EXT 2017"]
[Source "ChessBase"]
[SourceDate "2016.10.25"]
[SourceVersion "1"]
[SourceVersionDate "2016.10.25"]
[SourceQuality "1"]

1. d4 Nf6 2. Bf4 e6 3. Nf3 d5 4. e3 Bd6 5. Bxd6 Qxd6 6. Nbd2 Nbd7 7. Bd3 e5 8. dxe5 Nxe5 9. Nxe5 Qxe5 10. c3 0-0 11. Nf3 Qd6 12. h3 c5 13. 0-0 b6 14. Qc2 Re8 15. Rad1 Qc6 16. b3 h6 17. Rfe1 Bb7 18. Qe2 Ne4 19. Bxe4 Rxe4 20. Qc2 Rae8 21. Rc1 R4e6 22. Red1 Rg6 23. Kh1 d4 24. Qe2 dxe3 25. fxe3 Rge6 26. Re1 Qe4 27. Qf2 Qd3 28. Red1 Qxe3 29. Qxe3 Rxe3 30. Rf1 Re2 31. a4 Rb2 32. Rb1 Ree2 33. Rxb2 Rxb2 34. Rd1 Rxb3 35. Rd7 Bc6 36. Rxa7 Rxc3 37. Ne5 Bd5 38. Kh2 Rc2 39. Ra6 Rxg2+ 40. Kh1 Re2+ 41. Kg1 Rxe5 0-1

[Event "GRE-ch U16"]
[Site "Greece"]
[Date "2014.07.05"]
[Round "2"]
[White "Prokopiou, Ioannis"]
[Black "Loukas, Dimitrios"]
[Result "1-0"]
[WhiteElo "1597"]
[BlackElo "1243"]
[PlyCount "61"]
[EventDate "2014.07.04"]
[EventType "swiss"]
[EventRounds "9"]
[EventCountry "GRE"]
[SourceTitle "EXT 2017"]
[Source "ChessBase"]
[SourceDate "2016.10.25"]
[SourceVersion "1"]
[SourceVersionDate "2016.10.25"]
[SourceQuality "1"]

1. e4 c6 2. d4 d5 3. exd5 cxd5 4. Bd3 Nc6 5. c3 e6 6. Nf3 h6 7. Bf4 Bd6 8. Bxd6 Qxd6 9. Nbd2 Nf6 10. h3 0-0 11. 0-0 Bd7 12. Qe2 Qc7 13. Ne5 Nxe5 14. dxe5 Ne8 15. Nf3 Qb6 16. Nd4 Nc7 17. f4 a6 18. a4 Qa7 19. Kh1 Qb8 20. Rf3 Qe8 21. Bc2 g6 22. g4 b5 23. a5 Qc8 24. Rg1 Kh7 25. f5 Rb8 26. fxg6+ fxg6 27. Qd3 Rg8 28. Rf7+ Kh8 29. Qe3 Rg7 30. Qxh6+ Rh7 31. Qxh7# 1-0

[Event "GRE ESSPEP-ch"]
[Site "Peloponnisos"]
[Date "2014.03.23"]
[Round "5"]
[White "Loukas, Dimitrios"]
[Black "Fragou, Maria V"]
[Result "1/2-1/2"]
[WhiteElo "1234"]
[BlackElo "1330"]
[PlyCount "52"]
[EventDate "2014.03.21"]
[EventType "swiss"]
[EventRounds "5"]
[EventCountry "GRE"]
[SourceTitle "EXT 2024"]
[Source "ChessBase"]
[SourceDate "2023.10.10"]
[SourceVersion "1"]
[SourceVersionDate "2023.10.10"]
[SourceQuality "1"]

1. c4 e5 2. Nc3 Nf6 3. d3 Nc6 4. Nf3 Bb4 5. Bd2 0-0 6. a3 Bxc3 7. Bxc3 d6 8. e4 Bg4 9. Be2 Nh5 10. h3 Bd7 11. Nxe5 dxe5 12. Bxh5 Qg5 13. Bg4 Be8 14. Qd2 Qg6 15. 0-0 a5 16. f4 exf4 17. Rxf4 h5 18. Be2 Qg5 19. Raf1 Bd7 20. Kh2 Ne7 21. R4f3 Qxd2 22. Bxd2 f6 23. Rg3 h4 24. Rgf3 b6 25. Bf4 Rac8 26. R3f2 Nc6 1/2-1/2

[Event "GRE-chT U16"]
[Site "Patras"]
[Date "2012.12.15"]
[Round "1.2"]
[White "Loukas, Dimitrios"]
[Black "Samakas, Stavros"]
[Result "1/2-1/2"]
[WhiteElo "1184"]
[BlackElo "1495"]
[PlyCount "76"]
[EventDate "2012.12.15"]
[EventType "team"]
[EventRounds "5"]
[EventCountry "GRE"]
[SourceTitle "EXT 2020"]
[Source "ChessBase"]
[SourceDate "2019.10.17"]
[SourceVersion "1"]
[SourceVersionDate "2019.10.17"]
[SourceQuality "1"]

1. d4 d5 2. Nf3 Nf6 3. Bf4 c5 4. e3 Qb6 5. b3 Nc6 6. Be2 Bg4 7. c3 e6 8. h3 Bh5 9. 0-0 Be7 10. Nbd2 0-0 11. Ne5 Bxe2 12. Qxe2 Rad8 13. Rac1 Nd7 14. Nxc6 Qxc6 15. Nf3 Bd6 16. Bxd6 Qxd6 17. c4 Rc8 18. Rfd1 Qa6 19. Rd2 Rfd8 20. Rdc2 b6 21. Qd2 Nf6 22. Ne5 Ne4 23. Qe2 h6 24. f3 Nf6 25. Qd2 Qb7 26. Nd3 Qe7 27. Nf4 dxc4 28. Rxc4 e5 29. Ne2 exd4 30. exd4 Nd5 31. Nf4 Ne3 32. Qe2 Re8 33. R4c3 g5 34. Nh5 f5 35. g3 Qf7 36. Rxe3 Qxh5 37. Rxe8+ Rxe8 38. Qc4+ Kg7 1/2-1/2